000 nam a22 a 4500
999 _c724
_d724
003 AKMAL
005 20170505084607.0
008 170505s1996 my 00 may d
020 _a9830770370 (kkt.):
_cRM8.50
040 _aAKMAL
082 0 4 _a297.1 ABD
_221
090 0 0 _a297.18
_bABD
245 0 0 _aKisah dan pengajaran /
_c[penyusun] Abdul Aziz Salim Basyarhil ; penyunting Abu Muhammad Saifuddin
250 _aEdisi Malaysia
260 _aJohor Bahru :
_bPerniagaan Jahabersa,
_c1996
300 0 0 _avii, 143ms. ;
_c21cm
650 0 _aIslamic stories, Malay
_91556
650 0 _aParables
_91557
700 0 _aAbdul Aziz Salim Basyarahil
_91558
700 0 _aAbu Muhammad Saifuddin
_91559
942 _2ddc
_cBOOK